000 00403nam a2200169Ia 4500
008 230524s9999 xx 000 0 und d
020 _a9789383182961
082 _a510.76
_bSHA
100 _aR.D Sharma
_943448
245 0 _aMathematics Vol-I
250 _a1
260 _aNew Delhi
_bDhanpat rai
_c2017
300 _a19.208
500 _aQuantity Number: 1
650 _aMathematics
942 _cBK
999 _c58864
_d58864